[Event "Nicolo La Rosa op 16th"]
[Site "Mazara del Vallo"]
[Date "2008.08.12"]
[Round "4"]
[White "Laudicina, Mariangela"]
[Black "Morello, Guido"]
[Result "0-1"]
[WhiteElo "1515"]
[BlackElo "1978"]
[PlyCount "70"]
[EventDate "2008.08.11"]
[EventType "swiss"]
[EventRounds "6"]
[EventCountry "ITA"]
[SourceTitle "EXT 2011"]
[Source "ChessBase"]
[SourceDate "2010.11.26"]
[SourceVersion "1"]
[SourceVersionDate "2010.11.26"]
[SourceQuality "1"]

1. e4 c5 2. Nc3 Nc6 3. Bc4 e6 4. d3 a6 5. Nf3 Nge7 6. 0-0 g6 7. Bg5 Bg7 8. Qe2 0-0 9. Rad1 b5 10. Bb3 Bb7 11. Qe3 Qb6 12. Bxe7 Nxe7 13. a3 Rfe8 14. e5 Nf5 15. Qf4 Qc6 16. Rfe1 h5 17. h4 Bh6 18. Qe4 Qc7 19. Qe2 Qd8 20. Ne4 Qe7 21. Nf6+ Kh8 22. Nxe8 Rxe8 23. g3 Qd8 24. c4 Qa8 25. Ng5 Bxg5 26. hxg5 Nd4 27. Qe3 Nxb3 28. Kf1 Nd4 29. Re2 Bg2+ 30. Ke1 Nf3+ 31. Qxf3 Bxf3 32. Re3 Bg4 33. cxb5 Qh1+ 34. Kd2 Qxd1+ 35. Kc3 axb5 0-1

[Event "Nicolo La Rosa op 14th"]
[Site "Mazara del Vallo"]
[Date "2006.08.13"]
[Round "5"]
[White "Laudicina, Mariangela"]
[Black "Cammarata, Antonino"]
[Result "1-0"]
[WhiteElo "1410"]
[BlackElo "1516"]
[PlyCount "37"]
[EventDate "2006.08.11"]
[EventType "swiss"]
[EventRounds "6"]
[EventCountry "ITA"]
[SourceTitle "EXT 2011"]
[Source "ChessBase"]
[SourceDate "2010.11.26"]
[SourceVersion "1"]
[SourceVersionDate "2010.11.26"]
[SourceQuality "1"]

1. e4 b6 2. Bc4 Bb7 3. Nc3 e6 4. d4 Nf6 5. f3 d6 6. Nge2 Be7 7. Be3 Nbd7 8. Qd2 0-0 9. 0-0-0 c6 10. a3 Qc7 11. g4 b5 12. Bb3 h6 13. Ng3 a5 14. Bf4 a4 15. Ba2 Nb6 16. Rhg1 c5 17. Nh5 Nxh5 18. gxh5 Nd7 19. Bxh6 1-0

[Event "Nicolo La Rosa op 14th"]
[Site "Mazara del Vallo"]
[Date "2006.08.12"]
[Round "4"]
[White "Melograni, Francesco"]
[Black "Laudicina, Mariangela"]
[Result "1-0"]
[WhiteElo "1676"]
[BlackElo "1410"]
[PlyCount "73"]
[EventDate "2006.08.11"]
[EventType "swiss"]
[EventRounds "6"]
[EventCountry "ITA"]
[SourceTitle "EXT 2011"]
[Source "ChessBase"]
[SourceDate "2010.11.26"]
[SourceVersion "1"]
[SourceVersionDate "2010.11.26"]
[SourceQuality "1"]

1. e4 e5 2. Nc3 Nc6 3. Bc4 Nf6 4. d3 h6 5. Be3 Bb4 6. Nge2 d6 7. 0-0 Bg4 8. Qd2 a6 9. f4 Qd7 10. f5 0-0-0 11. h3 Bxe2 12. Qxe2 Na5 13. Bb3 Bxc3 14. bxc3 d5 15. exd5 Nxd5 16. Bd2 Rhe8 17. c4 Nxb3 18. axb3 Nf4 19. Qe4 g6 20. fxg6 fxg6 21. Rxa6 c6 22. Ra8+ Kc7 23. Ba5+ b6 24. Ra7+ Kc8 25. Rxd7 Kxd7 26. Bxb6 Rf8 27. Ra1 Rb8 28. Ra7+ Kd6 29. c5+ Ke6 30. Qxc6+ Kf5 31. Bc7 Rbe8 32. Ra6 Re6 33. Qe4+ Kg5 34. Rxe6 Nxe6 35. Qxe5+ Rf5 36. Qxe6 Rxc5 37. Bd8+ 1-0

[Event "Nicolo La Rosa op 14th"]
[Site "Mazara del Vallo"]
[Date "2006.08.11"]
[Round "2"]
[White "Laudicina, Mariangela"]
[Black "Roberti, Ignazio"]
[Result "0-1"]
[WhiteElo "1410"]
[BlackElo "1918"]
[PlyCount "70"]
[EventDate "2006.08.11"]
[EventType "swiss"]
[EventRounds "6"]
[EventCountry "ITA"]
[SourceTitle "EXT 2011"]
[Source "ChessBase"]
[SourceDate "2010.11.26"]
[SourceVersion "1"]
[SourceVersionDate "2010.11.26"]
[SourceQuality "1"]

1. e4 e5 2. Nf3 Nc6 3. Bc4 Bc5 4. d3 d6 5. h3 a6 6. Nc3 b5 7. Bd5 Bb7 8. Ng5 Nh6 9. Qf3 0-0 10. Qg3 Qf6 11. Be3 Ba7 12. 0-0-0 b4 13. Ne2 a5 14. Nf3 a4 15. Bg5 Qg6 16. Nh4 Qh5 17. Nf5 Nxf5 18. exf5 Bxf2 19. Qxf2 Qxg5+ 20. Kb1 b3 21. cxb3 axb3 22. Bxb3 Na5 23. h4 Qxg2 24. Qe3 Nxb3 25. Rhg1 Qf3 26. Rg3 Qxe3 27. Rxe3 Nd4 28. h5 Nxe2 29. Rxe2 Bf3 30. Rg1 Bxe2 31. f6 Bxd3+ 32. Ka1 g6 33. a3 e4 34. hxg6 fxg6 35. Rc1 c5 0-1